Địa lý Đông Nam Á : những vấn đề kinh tế-xã hội /
Khái quát về Đông Nam Á. Đông Nam Á bán đảo. Đông Nam Á quần đảo.
Kaydedildi:
| Yazar: | |
|---|---|
| Diğer Yazarlar: | |
| Materyal Türü: | Kitap |
| Dil: | Vietnamese |
| Baskı/Yayın Bilgisi: |
Hà Nội :
Giáo dục,
1999.
|
| Konular: | |
| Etiketler: |
Etiketle
Etiket eklenmemiş, İlk siz ekleyin!
|
| Thư viện lưu trữ: | Mạng thư viện Đại học Đà Nẵng |
|---|
| LEADER | 01044cam a2200361 a 4500 | ||
|---|---|---|---|
| 001 | 000042582 | ||
| 003 | 456 | ||
| 005 | 20060126140212.0 | ||
| 008 | 010217b1999 vm 000 vie | ||
| 020 | |c 12600 | ||
| 040 | |a IRC |c IRC |d IRC | ||
| 041 | 0 | |a vie | |
| 082 | 1 | 4 | |a 910.133059 |b PH-X |
| 100 | 1 | |a Phan Huy Xu. | |
| 245 | 0 | 0 | |a Địa lý Đông Nam Á : |b những vấn đề kinh tế-xã hội / |c Phan Huy Xu, Mai Phú Thanh. |
| 260 | |a Hà Nội : |b Giáo dục, |c 1999. | ||
| 300 | |a 240tr. ; |c 20,5cm. | ||
| 520 | 3 | |a Khái quát về Đông Nam Á. Đông Nam Á bán đảo. Đông Nam Á quần đảo. | |
| 630 | 0 | 4 | |a Địa lý. |
| 630 | 0 | 4 | |a Địa lý kinh tế. |
| 650 | 0 | 4 | |a Địa lý kinh tế |z Đông Nam Á. |
| 651 | 4 | |a Đông Nam Á |x Địa lý. | |
| 700 | 1 | |a Mai Phú Thanh. | |
| OWN | |a DUT | ||
| 999 | |a From the UDN01 | ||
| TYP | |a Monograph | ||
| TYP | |a Printed language | ||
| 980 | |a Mạng thư viện Đại học Đà Nẵng | ||